| 000 | 00960cam a2200301 a 4500 | ||
|---|---|---|---|
| 999 |
_c4015 _d4015 |
||
| 001 | .b13830892 | ||
| 003 | OCoLC | ||
| 005 | 20241210112214.0 | ||
| 008 | 070522r20071998enka j 000 0 eng | ||
| 015 |
_aGBA741465 _2bnb |
||
| 020 | _a9781407163888 (pbk.) | ||
| 035 | _a(OCoLC)137313402 | ||
| 040 |
_aUKM _cUKM _dBTCTA _dYDXCP _dOCLCG _dGEBAY _dKH8 |
||
| 042 | _anbic | ||
| 082 | _a940.3 DEA | ||
| 100 | 1 |
_aDeary, Terry. _eauthor. |
|
| 245 | 1 | 0 |
_aFrightful First World War / _cTerry Deary ; illustrated by Martin Brown. |
| 260 |
_aLondon : _bScholastic, _c2007. |
||
| 300 |
_a140 p. : _bill. ; _c20 cm. |
||
| 490 | 1 | _aHorrible histories. | |
| 500 | _aOriginally published: London: Hippo, 1998. | ||
| 650 | 0 |
_aWorld War, 1914-1918 _vJuvenile literature. |
|
| 650 | 0 |
_aWorld War, 1914-1918 _vJuvenile humor. |
|
| 650 | 0 | 7 |
_aWeltkrieg (1914-1918) _2swd. |
| 700 | 1 |
_aBrown, Martin, _d1959- _eIllustrator |
|
| 830 | 0 | _aHorrible histories. | |
| 942 |
_2ddc _cNFIC |
||